LEADER 01250nam a2200277 i 4500 001 000000047570 003 CaOOAMICUS 005 20150729000000.0 008 150729s1984 it u000 u ita u 013 $a18740 020 $a88-372-1230-5 040 $aSeMil$bita 100 1 $aGiovagnoli, Agostino,$d<1952- >.$0(OLS)http://semarc/name/22746 245 10$aDalla teologia alla politica :$bl'itinerario di Carlo Passaglia negli anni di Pio 9. e Cavour /$cAgostino Giovagnoli. 260 $aBrescia :$bMorcelliana,$ccopyr. 1984. 300 $a225 p. ;$c23 cm. 490 0 $aBiblioteca di storia contemporanea ;$v31 500 $aIn preliminari : Fondo Conti. 650 4$aPassaglia, Carlo .$0(OLS)http://semarc/subject/44963 830 0$aBiblioteca di storia contemporanea ;$v31.$0(OLS)http://semarc/title/374 850 $aSeMil 852 $aSeMil$W1$xVenegono$y1$m3N V 303$j13725$B13725$CSeMilBibl$Z2$F13725 $81 961 $aOmaggio: Conti Franco 996 $6020$a88-372-1230-5$9(OLS)http://semarc/number/20317 996 $6245$aDalla teologia alla politica :$bl'itinerario di Carlo Passaglia negli anni di Pio 9. e Cavour$9(OLS)http://semarc/title/71737 996 $6260$aBrescia :$bMorcelliana$9(OLS)http://semarc/publisher/29629 LEADER 00930nam a2200229 i 4500 001 000000062712 003 CaOOAMICUS 005 20100326000000.0 008 100326s1963 xx u000 u fre u 013 $a33884 040 $aSeMil$bita 100 1 $aRenard, Alexandre Charles .$0(OLS)http://semarc/name/17044 245 10$aPrêtres Diocésains Aujourd'hui /$cMgr A.-C. Renard Évêque de Versailles. 260 $aParis :$bDesclée de Brouwer,$ccopyr. 1963. 300 $a265 p. ;$c21 cm. 500 $aContiene : Bibliographie. 650 4$aPresbiteri.$0(OLS)http://semarc/subject/2612 850 $aSeMil 852 $aSeMil$W1$xVenegono$y1$m3G IV 181$j28865$B28865$CSeMilBibl$Z2$F28868 $81 961 $aOmaggio: Oggioni don Costantino 996 $6245$aPrêtres Diocésains Aujourd'hui$9(OLS)http://semarc/title/98785 996 $6260$aParis :$bDesclée de Brouwer$9(OLS)http://semarc/publisher/30132